Almanaque político y literario de La Iberia. (Record no. 2639)

MARC details
000 -LEADER
campo de control de longitud fija 00635nas a2200217 i 4500
001 - NÚMERO DE CONTROL
campo de control 2639
003 - IDENTIFICADOR DE NÚMERO DE CONTROL
campo de control ES-MaACL
005 - FECHA Y HORA DE LA ÚLTIMA TRANSACCIÓN
campo de control 20250709062526.0
008 - DATOS DE LONGITUD FIJA--INFORMACIÓN GENERAL
campo de control de longitud fija 950801d1860 sp a| | 1 ||pa d
022 ## - NÚMERO INTERNACIONAL NORMALIZADO PARA PUBLICACIONES SERIADAS
Número Internacional Normalizado para Publicaciones Seriadas 1886-0567
080 ## - NÚMERO DE LA CLASIFICACIÓN DECIMAL UNIVERSAL
Número de la Clasificación Decimal Universal (059)(460)
245 00 - MENCIÓN DEL TÍTULO
Título Almanaque político y literario de La Iberia.
260 ## - PUBLICACIÓN, DISTRIBUCIÓN, ETC.
Lugar de publicación, distribución, etc. Madrid :
Nombre del editor, distribuidor, etc. Imprenta y Redacción de La Iberia,
Fecha de publicación, distribución, etc. 1860-
300 ## - DESCRIPCIÓN FÍSICA
Extensión v ;
Dimensiones 21 cm.
310 ## - PERIODICIDAD ACTUAL
Periodicidad actual Anual
362 0# - FECHAS DE PUBLICACIÓN Y/O DESIGNACIÓN SECUENCIAL
Fecha de publicación y/o designación secuencial 1. año (1860)-
852 ## - LOCALIZACIÓN
Ubicación ES-MaACL
Número de control de estantería C-3454
Nota libre - (1861)
852 ## - LOCALIZACIÓN
Ubicación ES-MaACL
Número de control de estantería D-2856(2-3)
Nota libre - (1861, 1862)
-- - Legado Modesto Lafuente
866 #0 - MENCIÓN TEXTUAL DE FONDOS--UNIDAD BIBLIOGRÁFICA BÁSICA
Fondos 1861-62.
Holdings
Estatus retirado Estado de pérdida Fuente del sistema de clasificación o colocación Estado de daño No para préstamo Colección Biblioteca de origen Biblioteca actual Ubicación en estantería Fecha de adquisición Total de préstamos Signatura topográfica completa Código de barras Visto por última vez Precio de reemplazo Tipo de ítem Koha
    Clasificación decimal universal     Periódicos y Revistas Biblioteca del Ateneo de Madrid Biblioteca del Ateneo de Madrid Sala Valle Inclán 17/01/2008   D-2856(2-3) 901002684 23/02/2023 23/02/2023 Revista
    Clasificación decimal universal     Periódicos y Revistas Biblioteca del Ateneo de Madrid Biblioteca del Ateneo de Madrid Sala Palomar 17/01/2008   C-3454 1002683 23/02/2023 23/02/2023 Revista